Biella diversamente innamorata: testimonianze raccolte da Associazione Genitori e amici di Omosessuali Biella /
Shranjeno v:
| Korporativna značnica: | |
|---|---|
| Format: | Knjiga |
| Jezik: | italijanščina |
| Izdano: |
Biella :
Arte Stampa,
stampa 2016
|
| Oznake: |
Brez oznak, prvi označite!
|
MARC
| LEADER | 00000nam a22000007i 4500 | ||
|---|---|---|---|
| 001 | IT\ICCU\BIA\0036828 | ||
| 003 | ItRI | ||
| 005 | 20240315215520.0 | ||
| 008 | 160519s2016 it |||||| ||||| |||||c | ||
| 040 | |b ita |c C | ||
| 041 | 7 | |a ita |2 ISO-639-2 | |
| 245 | 0 | 0 | |a Biella diversamente innamorata: testimonianze raccolte da Associazione Genitori e amici di Omosessuali Biella / |c [a cura di] AGEDO Biella. |
| 246 | |a Biella diversamente innamorata: testimonianze raccolte da AGEDO Biella / | ||
| 260 | |a Biella : |b Arte Stampa, |c stampa 2016 | ||
| 300 | |a 128 p. ; |c 21 cm | ||
| 710 | 2 | |a Agedo Biella |0 IT\ICCU\BIAV\091057 | |
| 942 | |2 ddc |c BK | ||
| 952 | |0 0 |1 0 |2 ddc |4 0 |6 305_906640000000000_AGE_BIE |7 3 |9 1022 |a GE |b GE |d 2024-03-15 |l 0 |o 305.90664 AGE BIE |p 1202 |r 2024-03-15 21:48:28 |w 2024-03-15 |y BK | ||
| 981 | 1 | |6 z01 |a i |b xxxe | |
| 982 | 1 | |6 z01 |a n | |
| 999 | |c 934 |d 934 | ||